Geschichte der Basler Mission 1815 - 1915: mit besonderer Berücksichtigung der ungedruckten Quellen

Saved in:  
Bibliographic Details
Main Author: Schlatter, Wilhelm 1865-1943 (Author)
Format: Print Book
Language:German
Subito Delivery Service: Order now.
Check availability: HBZ Gateway
Interlibrary Loan:Interlibrary Loan for the Fachinformationsdienste (Specialized Information Services in Germany)
Published: Basel Verl. der Basler Missionsbuchh. 1916-
Basel Basileia-Verl. 1916-
In:Year: 1916
Volumes / Articles:Show volumes/articles.
Standardized Subjects / Keyword chains:B Basler Mission / History
B Basler Missionsgesellschaft / Basel / Switzerland / Missionary society / Mission (international law / Theology / Church history studies
Further subjects:B Evangelische Missionsgesellschaft in Basel
Sammlungen:

MARC

LEADER 00000cam a2200000 ca4500
001 146378083
003 DE-627
005 20251222202218.0
007 tu
008 940319m19169999sz ||||| 00| ||ger c
035 |a (DE-627)146378083 
035 |a (DE-576)9146378081 
035 |a (DE-599)GBV146378083 
040 |a DE-627  |b ger  |c DE-627  |e rakwb 
041 |a ger 
044 |c XA-CH 
050 0 |a BV2363.E83 
082 0 |a 266.00949432 
082 0 |a 266.02349432 
084 |a 11.78  |2 bkl 
084 |a 11.53  |2 bkl 
100 1 |0 (DE-588)139542809  |0 (DE-627)611823888  |0 (DE-576)164060790  |4 aut  |a Schlatter, Wilhelm  |d 1865-1943 
109 |a Schlatter, Wilhelm 1865-1943  |a Schlatter, W. 1865-1943 
245 1 0 |a Geschichte der Basler Mission 1815 - 1915  |b mit besonderer Berücksichtigung der ungedruckten Quellen  |c dargest. von Wilhelm Schlatter 
264 1 |a Basel  |b Verl. der Basler Missionsbuchh.  |c 1916- 
264 1 |a Basel  |b Basileia-Verl.  |c 1916- 
336 |a Text  |b txt  |2 rdacontent 
337 |a ohne Hilfsmittel zu benutzen  |b n  |2 rdamedia 
338 |a Band  |b nc  |2 rdacarrier 
601 |a Berücksichtigung 
610 1 0 |a Evangelische Missionsgesellschaft in Basel 
689 0 0 |d b  |0 (DE-588)2009918-6  |0 (DE-627)101673469  |0 (DE-576)191647659  |2 gnd  |a Basler Mission 
689 0 1 |q z  |2 gnd  |a Geschichte 
689 0 |5 (DE-627) 
689 1 0 |d b  |0 (DE-588)16132756-4  |0 (DE-627)710016328  |0 (DE-576)340782196  |2 gnd  |a Basler Missionsgesellschaft 
689 1 1 |d g  |0 (DE-588)4004617-5  |0 (DE-627)10638497X  |0 (DE-576)208856919  |2 gnd  |a Basel 
689 1 2 |d g  |0 (DE-588)4053881-3  |0 (DE-627)104584904  |0 (DE-576)20910614X  |2 gnd  |a Schweiz 
689 1 3 |d s  |0 (DE-588)4170147-1  |0 (DE-627)105404578  |0 (DE-576)209927917  |2 gnd  |a Missionsgesellschaft 
689 1 4 |d s  |0 (DE-588)4039567-4  |0 (DE-627)106227602  |0 (DE-576)20903551X  |2 gnd  |a Mission 
689 1 5 |d s  |0 (DE-588)4059758-1  |0 (DE-627)104131446  |0 (DE-576)209132159  |2 gnd  |a Theologie 
689 1 6 |d s  |0 (DE-588)4030720-7  |0 (DE-627)104814403  |0 (DE-576)208988815  |2 gnd  |a Kirchengeschichte 
689 1 |5 (DE-627) 
935 |a FRST  |a mteo 
936 b k |a 11.78  |j Missionswissenschaft  |0 (DE-627)106410806 
936 b k |a 11.53  |j Neuzeitliches Christentum  |q ARK  |0 (DE-627)181571498 
951 |a MC 
ELC |b 1 
LOK |0 000 xxxxxcx a22 zn 4500 
LOK |0 001 4237348741 
LOK |0 003 DE-627 
LOK |0 004 146378083 
LOK |0 005 20240915080453 
LOK |0 008 221221||||||||||||||||ger||||||| 
LOK |0 040   |a DE-Tue135  |c DE-627  |d DE-Tue135 
LOK |0 092   |o n 
LOK |0 852   |a DE-Tue135 
LOK |0 852 1  |9 00 
LOK |0 866   |x SPQUE#Bibliothek der Franckeschen Stiftungen 
LOK |0 935   |a FRST 
LOK |0 939   |a 21-12-22  |b l01 
ORI |a SA-MARC-ixtheoa001.raw 
REF |a Theologiegeschichte 
REL |a 1  |c 1 
SPR |a 1  |t IXT  |t REL 
STA 0 0 |a Basel,Bâle,Church history studies,Church,Church history,Church history,History,History,History in art,Mission (international law,Mission,Mission,Christianity,World mission,Missionary society,Switzerland,Switzerland,Theology,Theology 
STB 0 0 |a Histoire de l’Église,Histoire de l’Église,Histoire du christianisme (discipline),Histoire du christianisme,Histoire,Histoire,Histoire,Mission,Mission,Mission,Société missionnaire,Suisse,Théologie,Théologie 
STC 0 0 |a Historia eclesiástica,Historia eclesiástica,Historia eclesiástica,Historia,Historia,Historia,Misión,Misión,Misión,Sociedad misionera,Suiza,Teología,Teología 
STD 0 0 |a Missione,Missione,Missione,Società missionaria,Storia della Chiesa,Storia della Chiesa,Storia,Storia,Svizzera,Teologia,Teologia 
STE 0 0 |a 历史,史,宣教,宣教,传教,宣教使命,传教,宣教使命,差会,教会历史研究,教会,神学家 
STF 0 0 |a 宣教,宣教,傳教,宣教使命,傳教,宣教使命,差會,教會歷史研究,教會,歷史,史,神學家 
STG 0 0 |a História eclesiástica,História eclesiástica,História,História,Missão,Missão,Missão,Sociedade missionária,Suíça,Teologia,Teologia 
STH 0 0 |a Богословие (мотив),Богословие,История (мотив),История,История церкви (дисциплина),История церкви,Миссионерское общество,Миссия (международное право),Миссия (мотив),Миссия,Швейцария (мотив) 
STI 0 0 |a Αποστολή (Διεθνές δίκαιο),Ιεραποστολή (μοτίβο),Ιεραποστολή,Εκκλησιαστική Ιστορία (μάθημα),Εκκλησιαστική Ιστορία,Ελβετία (μοτίβο),Θεολογία (μοτίβο),Θεολογία,Ιεραποστολική κοινότητα,Ιστορία (μοτίβο),Ιστορία 
SYG 0 0 |a Evangelische Missionsgesellschaft in Basel,Missionsgesellschaft,BM,Mission,Basler Missionskomitee,Basler Missionsgesellschaft,Missionskomitee,Basel Evangelical Missionary Society,Basel German Evangelical Missionary Society,Société des Missions,Société des Missions Évangeliques,Basel Mission,Evangelical Missionary Society,German Evangelical Missionary Society,Missionshaus,Basler Missionshaus,Basler Evangelische Mission,Evangelische Mission,Evang. Missionsgesellschaft,Ev. Missionsgesellschaft,Evangelisches Missions-Comittee,Comité des missions de Bâle,Evangelische Missionsgesellschaft , History,Geschichtliche Epoche,Historical development,Historische Entwicklung,Landesgeschichte,Regionalgeschichte,Ortsgeschichte,Zeitgeschichte , Bâle,Basilea,Basle,Stadt Basel,Stadt und Land Basel,Stadt und Landschaft Basel,Stand Basel,Freistand Basel,Basel,Basel,Basel,Canton Basel,Freistaat Basel,Augusta Munatianae,Basilia,Bassel,Athenae Helveticorum,Colonia Munatianae,Colonia Munatiana,Basilea Rauracorum,Augusta Munatiana,Augusta Rauracorum,Basilea Helvetiorum,Colonia Planciana,Athena Helveticorum,Athena Rauracorum,B le , Suisse,Switzerland,Helvetia,Helvetien,Eidgenossenschaft,Svizzera,Confédération Suisse,Confederazione Helvetica,Confederazione Federale,Confédération Helvétique,Confederaziun Svizra,Svájci Hozzájárulás,Svizzra,Schweizerische Eidgenossenschaft,Confederazione Svizzera,Confoederatio Helvetica,Swiss Confederation,Svizra,Suiza,Confederación helvética,Confédération helvétique,Confederazione elvetica,Confédération suisse,Confederazione helvetica,Helvetische Republik,Schweytzerlandt,Schweytz,Schweitz,Schweizer-Land,Eydgenoschafft,Eydgnosschaft,Eydgnossschafft,Eydgnoßschafft,Eydgenossenschafft,Eidgnossschafft,Helvetische Eidgenossschaft,Hélvetie,Schwiz,Switz,Corpus helveticum , Missionswerk,Missionsverein , Diplomatische Mission,Christentum,Christliche Mission,Heidenmission,Weltmission,Missionierung , Christliche Theologie , Kirche 
TIM |a 100018150101_100020261231  |b 1815 - 2026